Using information technology a practical introduction to computers & communications : introductory version

Bewaard in:
Bibliografische gegevens
Hoofdauteur: Williams, Brian K., 1938-
Andere auteurs: Sawyer, Stacey C.
Formaat: Boek
Taal:English
Gepubliceerd in: New York McGraw-Hill Companies 2011
Editie:9th ed.
Onderwerpen:
Tags: Voeg label toe
Geen labels, Wees de eerste die dit record labelt!
Thư viện lưu trữ: Mạng thư viện Đại học Đà Nẵng
LEADER 01341nam a2200361 4500
001 000021309
003 17756
005 20150416150409.0
008 150416s2011 engsd
020 |a 9780077331085 (alk. paper)  |a 0077331087 (alk. paper) 
041 0 |a eng 
082 1 4 |a 004|222  |b WI-B 
100 1 |a Williams, Brian K.,  |d 1938-  |q (Martin Stuart) 
245 1 0 |a Using information technology  |b a practical introduction to computers & communications : introductory version  |c Brian K. Williams, Stacey C. Sawyer. 
250 |a 9th ed. 
260 |a New York  |b McGraw-Hill Companies  |c 2011 
300 |a xxviii, 420 p.  |b col. ill.  |c 28 cm. 
504 |a Includes bibliographical references (p. 400-412) and index. 
650 0 0 |a Computers 
650 0 0 |a Telecommunication systems 
650 0 0 |a Information technology 
653 |a Tin học 
700 1 |a Sawyer, Stacey C. 
OWN |a LSP 
AVA |a UDN50  |b LSP  |d 004|222 WI-B  |e available  |t Error 5001 Not defined in file expand_doc_bib_avail.  |f 1  |g 0  |h N  |i 0  |k 1 
999 |a From the UDN01 
AVA |a UDN50  |b LSP  |d 004|222 WI-B  |e available  |t Error 5001 Not defined in file expand_doc_bib_avail.  |f 1  |g 0  |h N  |i 0  |k 1 
TYP |a Monograph 
TYP |a Printed language 
980 |a Mạng thư viện Đại học Đà Nẵng